Hoạt động giáo dục hướng nghiệp trong trường trung học phổ thông và trung tâm giáo dục thường xuyên - kỹ thuật hướng nghiệp tại tỉnh Bình Dương

Guardat en:
Dades bibliogràfiques
Autor principal: Nguyễn, Hữu Châu
Altres autors: Hồ, Văn Thông
Format: Llibre
Idioma:Undetermined
Matèries:
Accés en línia:http://lrc.tdmu.edu.vn/opac/search/detail.asp?aID=2&ID=34883
Etiquetes: Afegir etiqueta
Sense etiquetes, Sigues el primer a etiquetar aquest registre!
Thư viện lưu trữ: Trung tâm Học liệu Trường Đại học Thủ Dầu Một
LEADER 00839nam a2200157Ia 4500
001 TDMU_34883
008 210410s9999 xx 000 0 und d
082 |a 551.095977 
100 |a Nguyễn, Hữu Châu 
245 0 |a Hoạt động giáo dục hướng nghiệp trong trường trung học phổ thông và trung tâm giáo dục thường xuyên - kỹ thuật hướng nghiệp tại tỉnh Bình Dương 
245 0 |c Nguyễn Hữu Châu, Hồ Văn Thông 
300 |a Tr.19-22 
650 |a Giáo dục hướng nghiệp; Hướng nghiệp; Học sinh; Trung học phổ thông; Bình Dương 
700 |a Hồ, Văn Thông 
856 |u http://lrc.tdmu.edu.vn/opac/search/detail.asp?aID=2&ID=34883 
980 |a Trung tâm Học liệu Trường Đại học Thủ Dầu Một